| 000 | 00707ata a2200277 4500 | ||
|---|---|---|---|
| 005 | 20231010110838.0 | ||
| 008 | 150519b xxu||||| |||| 00| 0 spa d | ||
| 041 | _aspa | ||
| 082 | _a155.23 C222o | ||
| 100 |
_aCanfield, Jack _927711 |
||
| 100 |
_aHansen, Mark _927712 |
||
| 245 | _aOtra taza de chocolate caliente para el alma | ||
| 260 | _aArgentina | ||
| 260 | _bAtlantida | ||
| 260 | _c1996 | ||
| 300 | _a286 páginas | ||
| 650 | _aSUPERACIÓN PERSONAL | ||
| 650 | _aAMOR | ||
| 650 | _aPATERNIDAD | ||
| 650 | _aMUERTE | ||
| 650 | _aAPRENDIZAJE | ||
| 650 | _aSUPERAR OBSTACULOS | ||
| 650 | _aACTITUD | ||
| 650 | _aSABIDURÍA | ||
| 942 |
_cLIT _2ddc |
||
| 999 |
_c5722 _d5722 |
||